000 01131nam2a22002291 4500
001 rc\358012
005 20250621064502.0
035 _a(NLR Aleph) 005633158
090 _a6593495
_c6593495
100 _a20030307d1989 |||y0rusy50 ca
101 0 _arus
102 _aRU
105 _ay |||||||||
200 0 _aЧ. 2
210 _d1989
_aБ. м.
215 _a30 с.
461 0 _1001rc\358011
_12001#$aСБОРНИК задач по физике для подготовки к вступительным экзаменам в МИНГ имени И.М. Губкина$f[Подгот. доценты Ходкевич Д.Д., Володина Л.А., Белопухов Л.К. и др.]$vЧ. 2
_96593488
_cМ.
_d1989
_f[Подгот. доценты Ходкевич Д.Д., Володина Л.А., Белопухов Л.К. и др.]
_nБ. и.
_tСБОРНИК задач по физике для подготовки к вступительным экзаменам в МИНГ имени И.М. Губкина
_vЧ. 2
801 0 _aRU
_bNLR
_gpsbo
801 1 _aRU
_bELAR
_2rusmarc
852 _aNLR
_j89-4/22476
942 _cBOOK
980 _aNB